Guess The TV Channel! #1 - Statistics

General Stats
  • This quiz has been taken 149 times
  • The average score is 15 of 20
Answer Stats
Picture Answer % Correct
ABC
93%
BBC
86%
CNN
86%
FOX
85%
NBC
82%
Disney Channel
79%
National Geographic
76%
Nickelodeon
76%
E
75%
Cartoon Network
74%
CBS
74%
MTV
73%
PBS
72%
ESPN
69%
Discovery Channel
68%
Nick Jr
68%
History Channel
64%
PBS Kids
60%
Disney Junior
57%
HBO
49%
No matching quizzes found
Score Distribution
Percent of People with Each Score
Percentile by Number Answered
Your Score History
You have not taken this quiz